Statistics for Word Chain- Brand Logos

Click here to take the quiz!

General Stats

  • This quiz has been taken 2,770 times
    (1,395 since last reset)
  • The average score is 15 of 18

Answer Stats

Answer% Correct
Amazon
99%
Instagram
88%
McDonald's
88%
Shell
88%
SnapChat
88%
Toyota
87%
Lays
86%
Samsung
86%
Starbucks
86%
Dunkin' Donuts
85%
Adidas
84%
Android
84%
Gucci
83%
Nickelodeon
83%
Spotify
81%
New York Times
66%
Skoda
49%
Yamaha
43%

Score Distribution

Percentile by Number Answered

Percent of People with Each Score

Your Score History

You have not taken this quiz since the last reset